000
00262nam a2200109Ia 4500
008
220120s9999||||xx |||||||||||||| ||und||
082
_a
005.13 BAL
100
_a
Balaguruswamy, E
245
0
_a
Object oriented programming with C++
260
_c
2002
300
_b
0
999
_c
136608
_d
136608